00235nam a2200085 4500245005700000100002200057260003900079300001800118082001300136 aFreedom and organization 1814-1914cBertrand Russell aRussell, Bertrand aLondonbGeorge Allen & Unwinc1964 a528p.; 22cm. a192bRUS